01180naa#a2200193#i#4500001002300000005001700023011001400040100004100054102000700095200023700102210016900339215001100508608004500519675032300564700002800887700002800915700002800943856001500971RU\INFRA-M\bibl\12321120260516232556.6##a2500-0527##a20260427b2026####ek#y0rusy0150####ca##aRU1#aМодель жизненного цикла организации Богданова А.А. «комплексия – конъюгация – ингрессия – дезингрессия»eЖурнальная статья1#aМоскваcОбщество с ограниченной ответственностью «Научно-издательский центр ИНФРА-М»d2026##a18 с.##aЖурнальная статья2local##aЭкономические науки в целом. Политическая экономия. 330aЭкономическое положение. Экономическая политика. Управление и планирование в экономике. Производство. Услуги. Цены. 338#1aТебекинgА. В.#1aТебекинgП. А.#1aЕгороваgА. А.4#anaukaru.ru